[Event "Tradewise Gibraltar Masters 14th"]
[Site "Gibraltar"]
[Date "2016.02.04"]
[Round "10.51"]
[White "Kavutskiy, Konstantin"]
[Black "Carlsson, Pontus"]
[Result "0-1"]
[WhiteElo "2360"]
[BlackElo "2430"]
[PlyCount "66"]
[EventDate "2016.01.26"]
[EventType "swiss"]
[EventRounds "10"]
[EventCountry "GGB"]
[Source "www.saund.co.uk"]
[SourceDate "2005.02.07"]

1. d4 Nf6 2. c4 e6 3. Nc3 Bb4 4. Qc2 b6 5. e4 c5 6. d5 Qe7 7. Be2 d6 8. Nf3 O-O
9. O-O Bxc3 10. bxc3 exd5 11. exd5 Bf5 12. Qb2 Bg4 13. h3 Re8 14. hxg4 Qxe2 15.
Qxe2 Rxe2 16. Bf4 Nbd7 17. Bxd6 Nxg4 18. a4 Rc8 19. a5 h6 20. axb6 axb6 21. Ra7
Ngf6 22. Rfa1 Rc2 23. Ra8 Rxa8 24. Rxa8+ Kh7 25. Ra3 Ng4 26. Nh2 Rc1+ 27. Nf1
Nde5 28. Ra7 Nxc4 29. Bf4 Rd1 30. d6 g5 31. f3 gxf4 32. Rxf7+ Kg6 33. Rxf4 Nge3
0-1

[Event "Tradewise Gibraltar Masters 14th"]
[Site "Gibraltar"]
[Date "2016.02.04"]
[Round "10.52"]
[White "Almagro Llamas, Pablo"]
[Black "Fiala, Vaclav"]
[Result "1-0"]
[WhiteElo "2429"]
[BlackElo "2217"]
[PlyCount "94"]
[EventDate "2016.01.26"]
[EventType "swiss"]
[EventRounds "10"]
[EventCountry "GGB"]
[Source "www.saund.co.uk"]
[SourceDate "2005.02.07"]

1. d4 d5 2. c4 e6 3. Nc3 c6 4. Nf3 dxc4 5. e3 b5 6. a4 Bb4 7. Bd2 a5 8. axb5
Bxc3 9. Bxc3 cxb5 10. b3 Bb7 11. bxc4 b4 12. Bb2 Nf6 13. Bd3 O-O 14. O-O Nbd7
15. Re1 Ne4 16. Qc2 f5 17. Nd2 Qh4 18. Nf1 Ndf6 19. f3 Ng5 20. Qf2 Qh6 21. h4
Nf7 22. d5 exd5 23. c5 Nd7 24. Ng3 g6 25. Bxf5 Nxc5 26. Rac1 Na4 27. Bd4 Bc8
28. Bc2 Bd7 29. Ne2 Rac8 30. Bb3 g5 31. hxg5 Nxg5 32. Nf4 Nc3 33. Qg3 Kf7 34.
Bxc3 bxc3 35. Bxd5+ Kg7 36. Ne2 Kh8 37. Rxc3 Rxc3 38. Nxc3 Qg7 39. Ne4 Nxe4 40.
Qxg7+ Kxg7 41. Bxe4 Rc8 42. Rd1 Rc7 43. Rd5 Ra7 44. Rg5+ Kh8 45. Bd5 h6 46. Rg6
a4 47. Rxh6+ Kg7 1-0

[Event "Tradewise Gibraltar Masters 14th"]
[Site "Gibraltar"]
[Date "2016.02.04"]
[Round "10.53"]
[White "Vea, Odin Blikra"]
[Black "Zhukova, Natalia"]
[Result "0-1"]
[WhiteElo "2271"]
[BlackElo "2484"]
[PlyCount "56"]
[EventDate "2016.01.26"]
[EventType "swiss"]
[EventRounds "10"]
[EventCountry "GGB"]
[Source "www.saund.co.uk"]
[SourceDate "2005.02.07"]

1. e4 e5 2. Nf3 Nc6 3. Bb5 a6 4. Bxc6 dxc6 5. d4 exd4 6. Qxd4 Qxd4 7. Nxd4 Bd7
8. Nc3 O-O-O 9. Be3 Ne7 10. O-O-O Ng6 11. f4 f6 12. Nf3 Bd6 13. f5 Ne5 14. Nxe5
Bxe5 15. Bd4 Bd6 16. g3 Rde8 17. Rhe1 Re7 18. Re2 Rhe8 19. Rde1 b5 20. a3 c5
21. Bf2 Bc6 22. Re3 c4 23. R3e2 a5 24. Kd1 Be5 25. Nb1 Bxb2 26. c3 Bxe4 27.
Rxb2 Bf3+ 28. Kc2 Rxe1 0-1

[Event "Tradewise Gibraltar Masters 14th"]
[Site "Gibraltar"]
[Date "2016.02.04"]
[Round "10.54"]
[White "Cramling, Pia"]
[Black "Gara, Anita"]
[Result "1-0"]
[WhiteElo "2523"]
[BlackElo "2339"]
[PlyCount "95"]
[EventDate "2016.01.26"]
[EventType "swiss"]
[EventRounds "10"]
[EventCountry "GGB"]
[Source "www.saund.co.uk"]
[SourceDate "2005.02.07"]

1. Nf3 f5 2. g3 Nf6 3. Bg2 g6 4. b4 Bg7 5. Bb2 c6 6. c4 a5 7. b5 a4 8. O-O O-O
9. Na3 d6 10. bxc6 Nxc6 11. Rb1 h6 12. Ba1 e5 13. Qc2 Qe7 14. Nb5 g5 15. d3 f4
16. Bb2 Ng4 17. Ba3 fxg3 18. hxg3 Rd8 19. Nh2 Nf6 20. Nc3 Qf7 21. Nd5 Be6 22.
Nxf6+ Bxf6 23. Rb6 Ra7 24. Rfb1 Rd7 25. e3 Bd8 26. R6b5 Kg7 27. Qe2 Bf5 28. g4
Be6 29. Nf1 Ra5 30. Ng3 Rxb5 31. Rxb5 Be7 32. Be4 Kh8 33. Nf5 Bf8 34. Qf3 h5
35. Qh3 h4 36. Qf3 Nd8 37. Rb6 d5 38. cxd5 Bxf5 39. Qxf5 Bxa3 40. Rh6+ Kg8 41.
Qxg5+ Qg7 42. Rg6 Bf8 43. Qxe5 a3 44. Rxg7+ Rxg7 45. Bf5 Nf7 46. Qe6 Kh8 47.
Qe8 Kg8 48. Be6 1-0

[Event "Tradewise Gibraltar Masters 14th"]
[Site "Gibraltar"]
[Date "2016.02.04"]
[Round "10.55"]
[White "Sundararajan, Kidambi"]
[Black "Mihajlov, Sebastian"]
[Result "1/2-1/2"]
[WhiteElo "2508"]
[BlackElo "2335"]
[PlyCount "82"]
[EventDate "2016.01.26"]
[EventType "swiss"]
[EventRounds "10"]
[EventCountry "GGB"]
[Source "www.saund.co.uk"]
[SourceDate "2005.02.07"]

1. c4 Nf6 2. Nc3 g6 3. Nf3 Bg7 4. e4 d6 5. d4 O-O 6. Be2 e5 7. d5 a5 8. Bg5 h6
9. Bh4 Na6 10. Nd2 Qe8 11. O-O g5 12. Bg3 h5 13. h3 g4 14. hxg4 Nxg4 15. Nf3 f5
16. exf5 Bxf5 17. Nh4 Bh7 18. Bxg4 hxg4 19. Qxg4 Nc5 20. f4 exf4 21. Bxf4 Qd7
22. Qg3 Nd3 23. Ne2 Rae8 24. Be3 Rxf1+ 25. Rxf1 Re4 26. Nd4 Qg4 27. Qxg4 Rxg4
28. Nhf5 Bxf5 29. Nxf5 Nxb2 30. Rf3 Bf8 31. Bh6 Rxc4 32. Bxf8 Rc1+ 33. Kh2 Kxf8
34. Nxd6+ Ke7 35. Nxb7 a4 36. Rf2 Nd3 37. Rd2 Nb4 38. d6+ cxd6 39. Nxd6 Nxa2
40. Rxa2 Kxd6 41. Rxa4 Ke5 1/2-1/2

[Event "Tradewise Gibraltar Masters 14th"]
[Site "Gibraltar"]
[Date "2016.02.04"]
[Round "10.56"]
[White "Kollars, Dmitrij"]
[Black "Mannion, Stephen R"]
[Result "1-0"]
[WhiteElo "2436"]
[BlackElo "2334"]
[PlyCount "89"]
[EventDate "2016.01.26"]
[EventType "swiss"]
[EventRounds "10"]
[EventCountry "GGB"]
[Source "www.saund.co.uk"]
[SourceDate "2005.02.07"]

1. e4 e5 2. Nc3 Nf6 3. g3 Bc5 4. Bg2 Nc6 5. Nge2 Nd4 6. d3 d6 7. h3 Bd7 8. O-O
Qe7 9. Bg5 c6 10. Na4 Nxe2+ 11. Qxe2 Bb6 12. a3 Ba5 13. b4 Bc7 14. c4 h6 15.
Be3 O-O 16. Qc2 Nh7 17. f4 f5 18. c5 exf4 19. gxf4 d5 20. e5 g5 21. Rae1 Rae8
22. Nc3 Qg7 23. d4 Kh8 24. Kh1 Rg8 25. Rg1 Qf7 26. Bf3 g4 27. Bd1 h5 28. Bf2
gxh3 29. Qd3 Rg4 30. Qxh3 Reg8 31. Qe3 Nf8 32. Bxg4 fxg4 33. f5 Bxf5 34. Bh4
Kh7 35. Rgf1 Qg6 36. Qf2 Be6 37. Ne2 g3 38. Bxg3 h4 39. Bxh4 Qe4+ 40. Kh2 Qg4
41. Nf4 Ng6 42. Nxe6 Nxh4 43. Re3 Bd8 44. Nxd8 Rg6 45. Qxh4+ 1-0

[Event "Tradewise Gibraltar Masters 14th"]
[Site "Gibraltar"]
[Date "2016.02.04"]
[Round "10.57"]
[White "Santos Ruiz, Miguel"]
[Black "Bergstrom, Rolf"]
[Result "1/2-1/2"]
[WhiteElo "2427"]
[BlackElo "2297"]
[PlyCount "70"]
[EventDate "2016.01.26"]
[EventType "swiss"]
[EventRounds "10"]
[EventCountry "GGB"]
[Source "www.saund.co.uk"]
[SourceDate "2005.02.07"]

1. e4 d6 2. d4 Nf6 3. Nc3 e5 4. Nf3 Nbd7 5. Bc4 Be7 6. a4 O-O 7. O-O a6 8. Ba2
b6 9. Qe2 Bb7 10. Rd1 exd4 11. Nxd4 Re8 12. f3 Bf8 13. Qf2 g6 14. Bf4 Bg7 15.
Rd2 Qe7 16. Rad1 Ne5 17. Bb3 Nc6 18. Nde2 Na5 19. Ba2 Nc6 20. Bb3 Na5 21. Ba2
Nc6 22. Ng3 h6 23. Nf1 Rad8 24. Bb3 Kh7 25. g4 Nb4 26. Qh4 Nfd5 27. Qxe7 Nxe7
28. e5 Bxf3 29. exd6 Bxd1 30. Bxf7 cxd6 31. Bxe8 Rxe8 32. Nxd1 d5 33. Bd6 Nbc6
34. Bxe7 Nxe7 35. Re2 Kg8 1/2-1/2

[Event "Tradewise Gibraltar Masters 14th"]
[Site "Gibraltar"]
[Date "2016.02.04"]
[Round "10.58"]
[White "Pourkashiyan, Atousa"]
[Black "Neef, Maximilian"]
[Result "1-0"]
[WhiteElo "2338"]
[BlackElo "2423"]
[PlyCount "87"]
[EventDate "2016.01.26"]
[EventType "swiss"]
[EventRounds "10"]
[EventCountry "GGB"]
[Source "www.saund.co.uk"]
[SourceDate "2005.02.07"]

1. e4 e6 2. d4 d5 3. Nc3 Nf6 4. e5 Nfd7 5. f4 c5 6. Nf3 Nc6 7. Be3 Be7 8. Qd2
O-O 9. Be2 b6 10. Nd1 cxd4 11. Nxd4 Nxd4 12. Bxd4 f5 13. exf6 Nxf6 14. Nc3 Bd6
15. O-O-O Bd7 16. Kb1 Qb8 17. Rhf1 Bc6 18. Qe3 Qe8 19. g4 Rd8 20. h4 Qf7 21. h5
Ne4 22. h6 gxh6 23. Nxe4 dxe4 24. f5 e5 25. Bc3 Qf6 26. Bc4+ Kg7 27. Qg3 Bb8
28. a3 Rd4 29. Be6 Rfd8 30. Rde1 a5 31. Qh2 a4 32. Rh1 Qg5 33. Ref1 e3 34. f6+
Kh8 35. f7 Rf8 36. Bxd4 exd4 37. Qxb8 Rxb8 38. f8=Q+ Rxf8 39. Rxf8+ Kg7 40.
Rhf1 h5 41. Rg8+ Kh6 42. Rxg5 Kxg5 43. gxh5 Bb5 44. Rf5+ 1-0

[Event "Tradewise Gibraltar Masters 14th"]
[Site "Gibraltar"]
[Date "2016.02.04"]
[Round "10.59"]
[White "Santiago, Yago De Moura"]
[Black "De Haan, Eric"]
[Result "0-1"]
[WhiteElo "2422"]
[BlackElo "2313"]
[PlyCount "90"]
[EventDate "2016.01.26"]
[EventType "swiss"]
[EventRounds "10"]
[EventCountry "GGB"]
[Source "www.saund.co.uk"]
[SourceDate "2005.02.07"]

1. d4 Nf6 2. c4 e6 3. Nc3 Bb4 4. Nf3 c5 5. Bd2 cxd4 6. Nxd4 Nc6 7. Nb3 b6 8. a3
Be7 9. Bf4 O-O 10. e3 Ba6 11. Be2 d5 12. cxd5 Bxe2 13. Kxe2 Nxd5 14. Nxd5 exd5
15. Qd2 Bf6 16. Rhd1 Qd7 17. Kf1 Rfd8 18. Qe2 Qe6 19. Rd3 Re8 20. Qd2 Rad8 21.
h3 Qe4 22. f3 Qa4 23. Rd1 Qb5 24. Kg1 a5 25. Nc1 Qxb2 26. Qxb2 Bxb2 27. Rb3 Be5
28. Rxb6 Bxf4 29. exf4 Ne7 30. Nb3 Rb8 31. Rxb8 Rxb8 32. Nxa5 Ra8 33. Rb1 h5
34. Rb5 h4 35. a4 g6 36. Kf2 d4 37. Ke2 Nf5 38. Kd3 Kg7 39. Re5 Kf6 40. Kc4
Ne3+ 41. Kb4 Nxg2 42. Nc6 Nxf4 43. Kb5 d3 44. Re7 Nd5 45. Rd7 Ke6 0-1

[Event "Tradewise Gibraltar Masters 14th"]
[Site "Gibraltar"]
[Date "2016.02.04"]
[Round "10.61"]
[White "Holm, Kristian Stuvik"]
[Black "Piasetski, Leon"]
[Result "1-0"]
[WhiteElo "2417"]
[BlackElo "2277"]
[PlyCount "83"]
[EventDate "2016.01.26"]
[EventType "swiss"]
[EventRounds "10"]
[EventCountry "GGB"]
[Source "www.saund.co.uk"]
[SourceDate "2005.02.07"]

1. c4 e5 2. Nc3 Nc6 3. Nf3 g6 4. d4 exd4 5. Nd5 h6 6. Nxd4 a6 7. Bf4 d6 8. Nxc6
bxc6 9. Qd4 f6 10. Nc3 Bg7 11. e4 c5 12. Qd2 Ne7 13. Rd1 Rb8 14. b3 Be6 15. Bd3
f5 16. O-O g5 17. exf5 O-O 18. Bxg5 hxg5 19. fxe6 Bxc3 20. Qxc3 Nc6 21. Bg6 Qf6
22. Bf7+ Kg7 23. Qe3 Rh8 24. f4 g4 25. Qe2 Rh4 26. g3 Nd4 27. Rxd4 Qxd4+ 28.
Kh1 Rhh8 29. Qxg4+ Kf8 30. h4 a5 31. Qf5 Ke7 32. Qg5+ Qf6 33. Qxf6+ Kxf6 34. h5
a4 35. Rf3 axb3 36. axb3 c6 37. g4 d5 38. Kg2 d4 39. Kg3 Rbf8 40. f5 Rxf7 41.
exf7 Kxf7 42. Kf4 1-0

[Event "Tradewise Gibraltar Masters 14th"]
[Site "Gibraltar"]
[Date "2016.02.04"]
[Round "10.62"]
[White "Nagy, Gabor"]
[Black "Henderson De La Fuente, Lance"]
[Result "0-1"]
[WhiteElo "2413"]
[BlackElo "2270"]
[PlyCount "50"]
[EventDate "2016.01.26"]
[EventType "swiss"]
[EventRounds "10"]
[EventCountry "GGB"]
[Source "www.saund.co.uk"]
[SourceDate "2005.02.07"]

1. Nf3 Nf6 2. c4 b6 3. g3 Bb7 4. Bg2 g6 5. O-O Bg7 6. d4 O-O 7. d5 c5 8. Nc3 d6
9. e4 Nbd7 10. Ne1 Ne5 11. Qe2 Bc8 12. b3 Ba6 13. h3 e6 14. f4 Nh5 15. fxe5
Nxg3 16. Qc2 Nxf1 17. Bxf1 Bxe5 18. Nf3 Bg7 19. e5 dxe5 20. dxe6 Bb7 21. exf7+
Rxf7 22. Bg5 Qb8 23. Ne1 e4 24. Be3 Qg3+ 25. Ng2 Be5 0-1

[Event "Tradewise Gibraltar Masters 14th"]
[Site "Gibraltar"]
[Date "2016.02.04"]
[Round "10.63"]
[White "Perez Garcia, Rodney Oscar"]
[Black "Rydl, Jiri"]
[Result "0-1"]
[WhiteElo "2332"]
[BlackElo "2412"]
[PlyCount "64"]
[EventDate "2016.01.26"]
[EventType "swiss"]
[EventRounds "10"]
[EventCountry "GGB"]
[Source "www.saund.co.uk"]
[SourceDate "2005.02.07"]

1. e4 e6 2. Nc3 d5 3. g3 dxe4 4. Nxe4 c5 5. Bg2 Nc6 6. Ne2 Nh6 7. O-O Nf5 8. b3
Be7 9. Nf4 Bd7 10. Bb2 O-O 11. Nd3 b6 12. Ne5 Nxe5 13. Bxe5 Bc6 14. Qg4 Qd7 15.
Bb2 Nd4 16. Bxd4 cxd4 17. Qh5 Rac8 18. c4 dxc3 19. dxc3 Qb7 20. Rfe1 h6 21. Qh3
Rfd8 22. Re2 Rd3 23. Rae1 Rcd8 24. f4 Rd1 25. f5 Qa6 26. c4 Qa5 27. Rxd1 Rxd1+
28. Kf2 Bc5+ 29. Kf3 Qc3+ 30. Kf4 Qc1+ 31. Kf3 Rd3+ 32. Kg4 exf5+ 0-1

[Event "Tradewise Gibraltar Masters 14th"]
[Site "Gibraltar"]
[Date "2016.02.04"]
[Round "10.64"]
[White "Martinez Martin, David"]
[Black "Sanchez Jerez, Emilio Miguel"]
[Result "1-0"]
[WhiteElo "2407"]
[BlackElo "2265"]
[PlyCount "93"]
[EventDate "2016.01.26"]
[EventType "swiss"]
[EventRounds "10"]
[EventCountry "GGB"]
[Source "www.saund.co.uk"]
[SourceDate "2005.02.07"]

1. e4 e6 2. d4 d5 3. Nc3 Nc6 4. Nf3 Nf6 5. Bd3 Bb4 6. Bg5 h6 7. Bxf6 Qxf6 8. e5
Qd8 9. O-O Bf8 10. a3 Bd7 11. Ne2 Qe7 12. Nf4 O-O-O 13. c3 g5 14. Nh5 g4 15.
Nd2 f5 16. exf6 Qf7 17. Qxg4 Rg8 18. Qh3 Rg5 19. Ng3 Qxf6 20. Nf3 Rg8 21. Rae1
Bd6 22. Qh5 Qg7 23. Bb5 e5 24. Bxc6 Bg4 25. Qxg4+ Qxg4 26. Bxd5 Rg7 27. Nxe5
Bxe5 28. Rxe5 Kb8 29. f4 c6 30. Be6 Qg6 31. f5 Qh7 32. f6 Rg5 33. f7 Rf8 34.
Bc4 Rxe5 35. dxe5 Qg7 36. e6 Qe5 37. Kh1 b5 38. Ba2 c5 39. Nf5 Qe2 40. Rg1 c4
41. Nd4 Qe3 42. h3 h5 43. Rf1 Kb7 44. Nxb5 Qxe6 45. Bxc4 Qe7 46. Nd4 h4 47. Ne6
1-0

[Event "Tradewise Gibraltar Masters 14th"]
[Site "Gibraltar"]
[Date "2016.02.04"]
[Round "10.65"]
[White "Codenotti, Marco"]
[Black "Hommerson, Paul"]
[Result "1/2-1/2"]
[WhiteElo "2406"]
[BlackElo "2240"]
[PlyCount "128"]
[EventDate "2016.01.26"]
[EventType "swiss"]
[EventRounds "10"]
[EventCountry "GGB"]
[Source "www.saund.co.uk"]
[SourceDate "2005.02.07"]

1. e4 c5 2. Nf3 e6 3. d4 cxd4 4. Nxd4 Nc6 5. Nc3 Qc7 6. Be3 a6 7. Be2 Nf6 8.
O-O Be7 9. f4 O-O 10. e5 Ne8 11. Nxc6 Qxc6 12. f5 Bc5 13. Qd2 exf5 14. Kh1 d6
15. Bf3 Bxe3 16. Qxe3 Qc5 17. Qxc5 dxc5 18. Na4 Rb8 19. Nxc5 b6 20. Nb3 Nc7 21.
Nd4 Bd7 22. Nc6 Rbe8 23. Rfe1 Re6 24. Nd4 Re7 25. Rad1 g6 26. c4 Ne6 27. Nxe6
Bxe6 28. b3 Rc8 29. a4 b5 30. axb5 axb5 31. cxb5 Rb8 32. Bc6 Bxb3 33. Rc1 Rc7
34. Kg1 Ba4 35. Rc5 Rbc8 36. Rd5 Rxc6 37. bxc6 Rxc6 38. Rb1 Rc7 39. Rb2 Bd7 40.
g3 Kg7 41. Kf2 Be6 42. Ra5 Rd7 43. Ke3 Rd5 44. Rxd5 Bxd5 45. Kd4 Be6 46. Kc5 h6
47. h4 h5 48. Kd6 Bc4 49. Kc5 Be6 50. Rb8 Ba2 51. Rb6 Kf8 52. Kd6 Be6 53. Rb8+
Kg7 54. Ke7 Bc4 55. Rb4 Be6 56. Rb6 Bc4 57. Kd7 Ba2 58. Kc6 Be6 59. Kc5 Ba2 60.
Kd4 Kf8 61. Ke3 Kg7 62. Kf4 Bd5 63. Rf6 Bc4 64. Rd6 Bb3 1/2-1/2

[Event "Tradewise Gibraltar Masters 14th"]
[Site "Gibraltar"]
[Date "2016.02.04"]
[Round "10.66"]
[White "Kohlweyer, Bernd"]
[Black "Hill, Alistair"]
[Result "1-0"]
[WhiteElo "2404"]
[BlackElo "2167"]
[PlyCount "97"]
[EventDate "2016.01.26"]
[EventType "swiss"]
[EventRounds "10"]
[EventCountry "GGB"]
[Source "www.saund.co.uk"]
[SourceDate "2005.02.07"]

1. d4 Nf6 2. c4 g6 3. Nc3 d5 4. Bg5 Ne4 5. Bh4 Nxc3 6. bxc3 dxc4 7. e3 Be6 8.
Be2 Bg7 9. Nh3 Bxh3 10. gxh3 O-O 11. Bxc4 Qd7 12. Qf3 c5 13. O-O Nc6 14. Rab1
e6 15. Rfd1 cxd4 16. cxd4 Rac8 17. Bf1 a6 18. Bg3 Rfd8 19. h4 Na5 20. h5 Qd5
21. Qxd5 Rxd5 22. hxg6 hxg6 23. Bg2 Rd7 24. Rdc1 Rxc1+ 25. Rxc1 e5 26. dxe5 Rd2
27. e6 fxe6 28. Bh3 Nc6 29. Bxe6+ Kf8 30. Bb3 Ke7 31. Rc5 Bf6 32. h4 Kd7 33.
Kf1 b6 34. Rd5+ Rxd5 35. Bxd5 Nb4 36. Bb3 b5 37. Ke2 a5 38. a4 Kc6 39. e4 Na6
40. e5 Bg7 41. axb5+ Kxb5 42. Bf7 a4 43. f4 a3 44. Be1 Bh6 45. Kf3 Bf8 46. Bxg6
Bb4 47. Bxb4 Nxb4 48. Bf7 Kc5 49. Ke4 1-0

[Event "Tradewise Gibraltar Masters 14th"]
[Site "Gibraltar"]
[Date "2016.02.04"]
[Round "10.67"]
[White "Kharous, Ernest"]
[Black "Gaponenko, Inna"]
[Result "1/2-1/2"]
[WhiteElo "2314"]
[BlackElo "2393"]
[PlyCount "61"]
[EventDate "2016.01.26"]
[EventType "swiss"]
[EventRounds "10"]
[EventCountry "GGB"]
[Source "www.saund.co.uk"]
[SourceDate "2005.02.07"]

1. e4 c5 2. Nc3 Nc6 3. f4 g6 4. Nf3 Bg7 5. Bb5 Nd4 6. O-O Nxb5 7. Nxb5 d5 8. e5
a6 9. Nc3 d4 10. Ne4 Qd5 11. d3 Nh6 12. Qe1 O-O 13. b4 c4 14. h3 f6 15. Ned2
cxd3 16. cxd3 fxe5 17. Nxe5 Bxe5 18. Qxe5 Qxe5 19. fxe5 Bf5 20. Nf3 Nf7 21. Rd1
Rfd8 22. Bb2 Rd5 23. Bxd4 Nd8 24. g4 Nc6 25. gxf5 Nxd4 26. Nxd4 Rxd4 27. fxg6
hxg6 28. Rac1 Rad8 29. Rc7 Rxd3 30. Rxd3 Rxd3 31. Rxe7 1/2-1/2

[Event "Tradewise Gibraltar Masters 14th"]
[Site "Gibraltar"]
[Date "2016.02.04"]
[Round "10.68"]
[White "Ripari, Marcelo"]
[Black "Anurag, Mhamal"]
[Result "1/2-1/2"]
[WhiteElo "2310"]
[BlackElo "2387"]
[PlyCount "85"]
[EventDate "2016.01.26"]
[EventType "swiss"]
[EventRounds "10"]
[EventCountry "GGB"]
[Source "www.saund.co.uk"]
[SourceDate "2005.02.07"]

1. e4 c5 2. Nf3 e6 3. c3 Nf6 4. e5 Nd5 5. g3 d6 6. exd6 Bxd6 7. Bg2 O-O 8. O-O
Nd7 9. d4 b5 10. a4 bxa4 11. Qxa4 Bb7 12. Re1 Be7 13. Nbd2 N5b6 14. Qc2 cxd4
15. Nxd4 Bxg2 16. Kxg2 Bf6 17. N4f3 Nc5 18. Ne4 Nxe4 19. Qxe4 Nd5 20. h4 h6 21.
Ne5 Qc8 22. Qf3 Bxe5 23. Rxe5 Qc6 24. Re4 f5 25. Rea4 e5 26. Ra6 Qb7 27. Rxa7
Rxa7 28. Rxa7 Qxa7 29. Qxd5+ Kh8 30. Be3 Qb8 31. h5 f4 32. Bc5 f3+ 33. Kh2 Rf5
34. g4 e4+ 35. Bd6 Rxd5 36. Bxb8 g6 37. hxg6 Rg5 38. Kg3 Rxg6 39. Kf4 Kg7 40.
Ba7 Kf7 41. b4 Ke6 42. c4 e3 43. Bxe3 {Remainder of both scoresheets illegible.
} 1/2-1/2

[Event "Tradewise Gibraltar Masters 14th"]
[Site "Gibraltar"]
[Date "2016.02.04"]
[Round "10.69"]
[White "Gulamali, Kazim"]
[Black "Saber, Yasser"]
[Result "1-0"]
[WhiteElo "2379"]
[BlackElo "2230"]
[PlyCount "89"]
[EventDate "2016.01.26"]
[EventType "swiss"]
[EventRounds "10"]
[EventCountry "GGB"]
[Source "www.saund.co.uk"]
[SourceDate "2005.02.07"]

1. e4 d6 2. d4 Nf6 3. Nc3 g6 4. Be3 c6 5. f3 b5 6. Qd2 Nbd7 7. a4 b4 8. Nd1 e5
9. Nf2 exd4 10. Qxd4 Qe7 11. O-O-O d5 12. exd5 c5 13. Qd2 Bg7 14. Bh6 O-O 15.
Bxg7 Kxg7 16. d6 Qe6 17. Kb1 Nb6 18. Re1 Qd7 19. Bb5 Qd8 20. h4 a6 21. h5 axb5
22. hxg6 fxg6 23. Qh6+ Kg8 24. Re7 Rf7 25. Ne4 Nbd5 26. Rxf7 Kxf7 27. Ng5+ Ke8
28. N1h3 Qxd6 29. Re1+ Kd7 30. Nf7 Qg3 31. Rd1 b3 32. Nf4 bxc2+ 33. Kxc2 Bb7
34. Nd3 Kc6 35. Nfe5+ Kb6 36. axb5 Nb4+ 37. Kb1 Qxg2 38. Nxb4 cxb4 39. Qe3+
Kxb5 40. Qd3+ Kb6 41. Nc4+ Kc5 42. Qd6+ Kb5 43. Qb6+ Kxc4 44. Qxb7 Rd8 45. Qa6+
1-0

[Event "Tradewise Gibraltar Masters 14th"]
[Site "Gibraltar"]
[Date "2016.02.04"]
[Round "10.70"]
[White "Christiansen, Johan-Sebastian"]
[Black "Dolzhikova, Olga"]
[Result "1-0"]
[WhiteElo "2374"]
[BlackElo "2126"]
[PlyCount "63"]
[EventDate "2016.01.26"]
[EventType "swiss"]
[EventRounds "10"]
[EventCountry "GGB"]
[Source "www.saund.co.uk"]
[SourceDate "2005.02.07"]

1. c4 Nf6 2. g3 e6 3. Nf3 d5 4. Bg2 dxc4 5. O-O a6 6. Qc2 Nbd7 7. a4 a5 8. Qxc4
Nb6 9. Qb3 Be7 10. Nc3 Nbd5 11. Rd1 c6 12. d4 O-O 13. Nd2 Nb4 14. Nc4 Nfd5 15.
e4 Nb6 16. Ne3 Qc7 17. Bd2 Rd8 18. Be1 Bd7 19. Rac1 Qb8 20. Na2 Nxa2 21. Qxa2
Be8 22. b3 Qa7 23. Bc3 Nc8 24. Qb2 f6 25. d5 e5 26. dxc6 Bxc6 27. Nf5 Rxd1+ 28.
Rxd1 b6 29. Qe2 g6 30. Qc4+ Kh8 31. Qf7 Bd6 32. Qxf6+ 1-0

[Event "Tradewise Gibraltar Masters 14th"]
[Site "Gibraltar"]
[Date "2016.02.04"]
[Round "10.71"]
[White "Gavilan Diaz, Mario"]
[Black "Paehtz, Thomas"]
[Result "1-0"]
[WhiteElo "2261"]
[BlackElo "2372"]
[PlyCount "81"]
[EventDate "2016.01.26"]
[EventType "swiss"]
[EventRounds "10"]
[EventCountry "GGB"]
[Source "www.saund.co.uk"]
[SourceDate "2005.02.07"]

1. e4 e5 2. Bc4 Nf6 3. d3 Nc6 4. Nc3 Na5 5. Nf3 Nxc4 6. dxc4 d6 7. h3 Be7 8.
Be3 O-O 9. Qe2 c6 10. O-O Nd7 11. Rfd1 Qc7 12. Nh2 Nc5 13. Nf1 Ne6 14. Ng3 g6
15. Bh6 Rd8 16. Qd2 Bd7 17. Nce2 Be8 18. Kh1 f6 19. f4 Bf7 20. b3 Nc5 21. Nc3
b5 22. cxb5 d5 23. exd5 cxd5 24. fxe5 fxe5 25. Rf1 Be6 26. Bg5 Rac8 27. Bxe7
Qxe7 28. Rae1 Bf7 29. Nd1 e4 30. Ne3 Be6 31. Qd4 Qg5 32. Kh2 h5 33. Rf6 Re8 34.
Ref1 Nd7 35. R6f4 Re7 36. c4 h4 37. Ne2 dxc4 38. bxc4 Nc5 39. Ng4 Bf5 40. Nf6+
Kf7 41. Nh7 1-0

[Event "Tradewise Gibraltar Masters 14th"]
[Site "Gibraltar"]
[Date "2016.02.04"]
[Round "10.72"]
[White "Mohota, Nisha"]
[Black "Bitensky, Igor"]
[Result "0-1"]
[WhiteElo "2245"]
[BlackElo "2362"]
[PlyCount "124"]
[EventDate "2016.01.26"]
[EventType "swiss"]
[EventRounds "10"]
[EventCountry "GGB"]
[Source "www.saund.co.uk"]
[SourceDate "2005.02.07"]

1. e4 e5 2. Nf3 Nc6 3. Bc4 Nf6 4. Ng5 d5 5. exd5 Na5 6. Bb5+ c6 7. dxc6 bxc6 8.
Bd3 Nd5 9. h4 Nf4 10. Bf1 h6 11. Ne4 Ne6 12. d3 Be7 13. g3 O-O 14. Bg2 Bb7 15.
Qh5 Nd4 16. Kd1 c5 17. g4 c4 18. Rh3 cxd3 19. cxd3 f5 20. gxf5 Rxf5 21. Qg6 Qb6
22. Qxb6 axb6 23. Nbc3 Rd8 24. Be3 Ba6 25. Bf1 Nac6 26. Bxd4 Nxd4 27. Rc1 Rh5
28. Na4 Bc8 29. Rxc8 Rxc8 30. Nxb6 Rc2 31. Ng3 Rxh4 32. Nf5 Bg5 33. Nxd4 Rd2+
34. Ke1 Rxh3 35. Nb3 Rhxd3 36. Nxd2 Rxd2 37. Nc4 Rc2 38. Bd3 Rc1+ 39. Ke2 Ra1
40. Nxe5 Bf6 41. Bc4+ Kf8 42. Nd3 h5 43. b4 h4 44. Kf3 Rg1 45. Be6 Ke7 46. Bf5
Ra1 47. b5 Kd6 48. b6 Kc6 49. Nb4+ Kxb6 50. Nd5+ Kc5 51. Nxf6 gxf6 52. Be6 Kd6
53. Bc8 Rxa2 54. Kg2 Ke5 55. Bh3 Kf4 56. Kg1 Kf3 57. Bg2+ Ke2 58. Bh3 Ke1 59.
f4 Rf2 60. f5 Rf3 61. Kg2 Rg3+ 62. Kh2 Kf2 0-1

[Event "Tradewise Gibraltar Masters 14th"]
[Site "Gibraltar"]
[Date "2016.02.04"]
[Round "10.73"]
[White "Weisbuch, Udi"]
[Black "Vuilleumier, Alexandre"]
[Result "0-1"]
[WhiteElo "2254"]
[BlackElo "2356"]
[PlyCount "73"]
[EventDate "2016.01.26"]
[EventType "swiss"]
[EventRounds "10"]
[EventCountry "GGB"]
[Source "www.saund.co.uk"]
[SourceDate "2005.02.07"]

1. e4 c5 2. Nf3 e6 3. d3 Nc6 4. g3 d5 5. Qe2 Nf6 6. Bg2 Be7 7. e5 Nd7 8. c4 d4
9. h4 Qc7 10. Bf4 b6 11. Na3 a6 12. Nc2 Bb7 13. O-O h6 14. Rfe1 O-O-O 15. a3
Rdg8 16. Bd2 g5 17. hxg5 Bxg5 18. Bc1 Bxc1 19. Raxc1 h5 20. b4 h4 21. b5 Ncb8
22. bxa6 Nxa6 23. Nd2 hxg3 24. f4 Bxg2 25. Qxg2 Qb7 26. Ne4 Qc7 27. Re2 Rh2 28.
Qf3 f5 29. exf6 Nxf6 30. Rg2 Nxe4 31. dxe4 Kb8 32. Ne1 Qh7 33. Kf1 Rxg2 34.
Qxg2 Rh8 35. Rb1 Ka7 36. Rb3 Qf7 37. Qxg3 {Scoresheets illegible hereafter.}
0-1